Voices of Modernity : Language Ideologies and the Politics of Inequality /

Obra en que se revisa cómo, por siglos, la marginación y discriminación lingüística y cultural hacia mujeres y personas “premodernas”, tales como los pobres, los obreros, los campesinos y la gente no europea, legitimó el discurso de la modernización y la revolución tecnológica.

Збережено в:
Бібліографічні деталі
Автор: Bauman, Richard (autor)
Інші автори: Briggs, Charles L. (autor) (autor)
Формат: Книга
Мова:Англійська
Опубліковано: Cambridge, Inglaterra : Cambridge University, 2003, c2003
Серія:(Studies in the Social and Cultural Foundations of Language ; 21)
Предмети:
Теги: Додати тег
Немає тегів, Будьте першим, хто поставить тег для цього запису!

MARC

LEADER 00000nam^a2200000^a^4500
001 000182765
005 20250521000000.0
009 20260310102017.507
020 |a 0-521-00897-2 
037 |a Acervo ITESO - Biblioteca 
041 |a ING 
082 |a 306. 449  |b BAU 
100 |a Bauman, Richard  |e (autor) 
245 1 0 |a Voices of Modernity :  |b Language Ideologies and the Politics of Inequality /  |c R. Bauman, C.L. Briggs. 
264 4 |a Cambridge, Inglaterra :  |b Cambridge University,  |c 2003, c2003 
300 |a XV, 356 p. 
336 |a texto  |b txt  |2 rdacontenido 
337 |a sin mediación  |b n  |2 rdamedio 
338 |a volumen  |b nc  |2 rdasoporte 
440 1 |a (Studies in the Social and Cultural Foundations of Language ;  |v 21) 
520 |a Obra en que se revisa cómo, por siglos, la marginación y discriminación lingüística y cultural hacia mujeres y personas “premodernas”, tales como los pobres, los obreros, los campesinos y la gente no europea, legitimó el discurso de la modernización y la revolución tecnológica. 
649 |a XX 
650 |a Mujeres 
650 |a Marginados Sociales 
650 |a Racismo 
650 |a Marginación 
650 |a Diferencia y Otredad 
650 |a Género y Lenguaje 
650 |a Identidad Cultural 
650 |a Prácticas Culturales 
650 |a Prácticas Culturales 
650 |a Igualdad y Desigualdad 
650 |a Política Lingüística 
650 |a Modernidad y Posmodernidad 
650 |a Antropología Cultural 
650 |a Sociolingüística 
650 |a Sociología de la Cultura 
700 |a Briggs, Charles L.  |e (autor) 
910 |a Fondo General 
920 |a Impresos - Libros 
930 |a Colección General 
905 |a 101 
901 |a 0500122696  |b IT1  |c ACC  |u 20250521 
902 |a https://opac.biblio.iteso.mx/vufind/Record/000182765